| 000 | 01837nam a2200421 c 4500 | ||
|---|---|---|---|
| 999 |
_c177002 _d177002 |
||
| 003 | BLK | ||
| 005 | 20241209103105.0 | ||
| 008 | 180411b bul|||||r ||||||| ||bul|| | ||
| 020 | _a978-619-7086-16-4 | ||
| 040 | _aBLK | ||
| 041 |
_aBUL _cBUL |
||
| 080 |
_aБългарска литература _b821.163.2 _x-94 _z821.163.2-94 |
||
| 080 |
_aАктьори, театрални _b792.071.2 _x(497.2)(092)(093.3) _z792.071.2(497.2)(092)(093.3) |
||
| 080 |
_aКиноактьори _b791.44.071.2 _x(497.2)(092)(093.3) _z791.44.071.2(497.2)(092)(093.3) |
||
| 080 |
_aБългарски театрален- и кино артист (1936-2015) _b929 Попов, Васил Николов _z929 Попов, Васил Николов |
||
| 100 | 1 |
_aПопов, Васил Николов _eпърви автор _9340863 |
|
| 139 |
_aПопов, Васил Николов _bП 76 |
||
| 245 | 1 | 0 |
_aИзповед без причастие _cВасил Николов Попов. |
| 257 | _aBGR | ||
| 260 |
_bСинева _c2015 _aСофия |
||
| 300 |
_a176 с. _bсъс сн. _c22 см |
||
| 380 | _aX | ||
| 500 | _aСъдържа и Роли в Сатиричния театър (1960 - 2007). Деп. 47/2020. | ||
| 600 | 0 |
_aПопов, Васил Николов _d1934-2015 _9383400 |
|
| 650 | 4 |
_aАктьори, български - биографии _9241623 |
|
| 650 | 4 |
_aПопов, Васил Николов _9383400 |
|
| 651 | 4 |
_aБългария _9241624 |
|
| 653 | _aмемоари | ||
| 653 | _aспомени | ||
| 653 | _aбългарски артисти | ||
| 659 | _aН | ||
| 852 |
_aЦб 306436 _bЦб |
||
| 856 | 4 | _qpdf | |
| 856 | 4 | _qpdf | |
| 942 |
_cKNG _n0 _08 _s1 |
||
| 944 |
_aCR _c16.12.2015 _lСевдалина Тодорова _k30540 |
||
| 944 |
_aED _c07.01.2016 _lф / _kЛюдмила_Стоянова |
||